000 00488nam a2200181Ia 4500
999 _c14475
_d14475
003 OSt
005 20201027101212.0
008 190216s9999||||xx |||||||||||||| ||und||
020 _a9780330534253
040 _coclc
082 _a823.914
_bFOL/F
100 _aFollett, Ken
_95660
245 0 _aFall Of Giants /
_cKen Follett
260 _bPan Books,
_c2010.
_aLondon:
300 _a852p
650 _aEnglish
942 _cBK
_2ddc
_h823.914
_iFOL/F
_k823.914
_mFOL/F